ბათუმის შოთა რუსთაველის სახელმწიფო უნივერსიტეტის ბიბლიოთეკა

ქართულ სინონიმთა ლექსიკონი. (ბიბ.ჩანაწერი № 44700)

000 -LEADER
fixed length control field 00657nam a2200205Ia 4500
001 - CONTROL NUMBER
control field 11505
003 - CONTROL NUMBER IDENTIFIER
control field GE_BSU
008 - FIXED-LENGTH DATA ELEMENTS--GENERAL INFORMATION
fixed length control field 181216s||||||||xx |||||||||||||| ||und||
040 ## - CATALOGING SOURCE
Transcribing agency GE_BSU
080 ## - UNIVERSAL DECIMAL CLASSIFICATION NUMBER
Universal Decimal Classification number 81'374.221=353.1
100 ## - MAIN ENTRY--PERSONAL NAME
Personal name ნეიმანი,ალ.
245 ## - TITLE STATEMENT
Title ქართულ სინონიმთა ლექსიკონი.
245 ## - TITLE STATEMENT
Statement of responsibility, etc. რედ:ს.ყაუხჩიშვილი.
260 ## - PUBLICATION, DISTRIBUTION, ETC.
Place of publication, distribution, etc. თბილისი.
260 ## - PUBLICATION, DISTRIBUTION, ETC.
Name of publisher, distributor, etc. სახელგამი.
260 ## - PUBLICATION, DISTRIBUTION, ETC.
Date of publication, distribution, etc. 1951.
300 ## - PHYSICAL DESCRIPTION
Extent 440გვ;22სმ.
653 ## - INDEX TERM--UNCONTROLLED
Uncontrolled term ქართულ სინონიმთა ლექსიკონი.
942 ## - ADDED ENTRY ELEMENTS (KOHA)
Koha item type წიგნი
ეგზემპლარები
Withdrawn status Lost status Damaged status Not for loan Date acquired Barcode Date last seen Price effective from Koha item type
        2018-12-17 19387 2018-12-17 2018-12-17 წიგნი